00561nam a2200169Ia 45000010005000000080041000050200018000460400013000640820020000771000021000972450131001182600053002493000012003025460007003146500015003217000055003369091140326s9999 xx 000 0 und d a0-538-80315-0 cPK-LaUMT a 657.046bFIS-A aFischer, Paul M. aAdvanced accountingbstudent companion enrichment manualcFischer, Paul M.<>Taylor, William James, J.T.; (Leer, J. Arthur), J. aCincinnati:bSouth-Western Publishing Co.,c1990 a1196 p. aEN aAccounting aTaylor, William James, J.T.; (Leer, J. Arthur), J.